000 00215nam a2200097Ia 4500
008 240331s9999 xx 000 0 und d
082 _bMEN
100 _aMendis, R
245 0 _aMy son Lia and other stories
942 _cL
999 _c3353
_d3353